000 00666nam a2200277Ia 4500
005 20260324124858.0
008 008 260324s9999 xx 000 0 eng d
020 _a9781315575360
037 _aEBOOK
040 _aCRL
040 _beng
040 _cCRL
041 _2eng
041 _aeng
084 _qCRL
100 _aTanya Dalziell; Karen Welberry
_91175841
245 0 _aCultural Seeds: Essays on the Work of Nick Cave
260 _bTaylor and Francis
260 _c2009
365 _a
365 _b230
856 _uhttp://www.taylorfrancis.com/books/9781315575360
942 _cEBOOK
999 _c1770625
_d1770625